000 00370nam a2200145Ia 4500
008 230711s9999||||xx |||||||||||||| ||und||
041 _aENG
082 _a4
_bAS-M
100 _aAspinall,D ed
245 4 _aThe microprocessor and application
250 _a1st
260 _c1989
_aNew Delhi
_bGalgotia Publications Pvt.Ltd
650 _aComputer Engineering
942 _cBK
999 _c1359
_d1359